<?xml version="1.0" encoding="UTF-8"?>
<marc:record xmlns:marc="http://www.loc.gov/MARC21/slim">
   <marc:leader>00000nam a2200000 a 4500</marc:leader>
   <marc:datafield ind1="0" ind2="0" tag="245">
      <marc:subfield code="a">Risiko The walking dead [Spiel]</marc:subfield>
   </marc:datafield>
   <marc:datafield ind1=" " ind2="1" tag="264">
      <marc:subfield code="a">Wien</marc:subfield>
      <marc:subfield code="b">Hasbro</marc:subfield>
   </marc:datafield>
   <marc:datafield ind1="1" ind2=" " tag="520">
      <marc:subfield code="a">Die neue RISIKO The Walking Dead &#x96; Survival Edition versetzt Sie in eine unbarmherzige Welt, in der es um das Überleben oder den Tod geht. Fühlen Sie sich niemals zu sicher, denn die Beisser werden Ihre Gruppe jederzeit und an jedem Ort aus dem Hinterhalt angreifen. Haben Sie auch Ihre knappen Ressourcen stest im Auge, denn diese werden später für Ihr Überleben und den Sieg sehr wichtig sein. Vergrößern Sie Ihre Gruppe, denn jeder Ihrer Freunde kann plötzlich bei einem Beisser-Angriff getötet werden und sich in einen Beisser verwandeln &#x96; und in diesem Moment wird er gegen Sie kämpfen!</marc:subfield>
   </marc:datafield>
   <marc:datafield ind1=" " ind2=" " tag="020">
      <marc:subfield code="a">4035576010746</marc:subfield>
      <marc:subfield code="9">4035576010746</marc:subfield>
   </marc:datafield>
   <marc:datafield ind1=" " ind2=" " tag="500">
      <marc:subfield code="a">1 Spielplan, 65 Spielkarten (5 Anführerkarten, 32 Gebietskarten, 28 Ereigniskarten), 4 Spielfigurensets Überlebende (rot, grün, braun, blau je 15 Lkw und 36 Figuren), 1 Spielset  Beisser (15 x 3erGruppe, 37 Einzelfiguren), 5 Würfel (3 rote, 2 schwarze [1-</marc:subfield>
   </marc:datafield>
   <marc:datafield ind1="0" ind2=" " tag="490">
      <marc:subfield code="v">0</marc:subfield>
   </marc:datafield>
</marc:record>
